000 00332nam a22001457a 4500
008 210521b ||||| |||| 00| 0 eng d
020 _a0023199601
041 _aeng
080 _a574
082 _a574
100 _a9
101 _aMJE
245 _aToxicology the Basic Science of Poisons
_cLouis J. Casarett
942 _2udc
_cBK
999 _c57598
_d57598